| 000 | 00614nam a2200229 a 4500 | ||
|---|---|---|---|
| 999 |
_c3594 _d3594 |
||
| 001 | 3594 | ||
| 003 | BD-JhCC | ||
| 005 | 20180717134013.0 | ||
| 008 | 171115s2006 bg |||| |||| 00| 0 ben d | ||
| 020 | _a9844125448 | ||
| 035 | _a(BD-JhCC)3594 | ||
| 040 |
_aBD-JhCC _dBD-JhCC |
||
| 041 | _aben | ||
| 082 |
_a891.4415 _bMAH 2006 |
||
| 100 | _aমাহমুদ, আল | ||
| 245 |
_aকবিতাসমগ্র 2 / _cআল মাহমুদ |
||
| 260 |
_aঢাকা : _bআনন্যা, _c2006. |
||
| 300 |
_a253 p. : _c23 cm. |
||
| 650 | _aCollection of Poem | ||
| 942 |
_2ddc _cBK _02 |
||